Yerel yönetimler için demokratik bir model arayışı (Record no. 7579)

MARC details
000 -BAŞLIK
Sabit Uzunlukta Kontrol Alanı 00688na a2200229 4500
001 - KONTROL NUMARASI
Denetim Alanı 18824
003 - KONTROL NUMARASI IDENTIFIER
Denetim Alanı MIRAKIL
005 - SON İŞLEM TARİHİ VE ZAMANI
Denetim Alanı 20181213155143.0
008 - SABİT-BOY VERİ ELEMANLARI - GENEL BİLGİLER
Sabit Uzunlukta Kontrol Alanı 161129b tu 000 0
035 ## - SİSTEM KONTROL NUMARASI
Sistem Kontrol Numarası 18824
040 ## - KATALOGLAMA KAYNAK
Orijinal Kataloglama Ajansı Milas
Kataloglama Dili tur
Metne Dönüştürmek Ajansı TR-AnCHP
041 ## - DİL KODU
Metin / Ses Parça Veya Ayrı Başlığın Dil Kodu tur
082 ## - DEWEY ONLU SINIFLANDIRMA NUMARASI
Sınıflandırma Numarası 352.9561
Ürün Numarası Y36 1991
090 ## - SINIFLAMA NUMARASI
Sınıflama Numarası 352.9561 Y36 1991
245 ## - BAŞLIK TABLOSU
Başlık Yerel yönetimler için demokratik bir model arayışı
Sorumluluk Tablosu, Vb hazırlayanlar Nuri Bilgin...[ve öte.]
260 ## - YAYIN, DAĞITIM, VB
Yayın, Dağıtım, Vb Yeri İzmir
Yayıncı, Dağıtıcı, Vs Adı Türkiye Sosyal Ekonomik Siyasal Araştırmalar Vakfı (TÜSES)
Yayın, Dağıtım, Vb Tarihi 1991
300 ## - FİZİKSEL TANIM
Kapsam 148 s.
Boyutlar 30 sm.
500 ## - GENEL NOT
Genel Not Kaynakça var.
650 ## - KONU KATMA GİRİŞ - TOPİKAL DÖNEM
Topikal Süreli Veya Coğrafi Ad Giriş Elemanı Yerel yönetimler
Coğrafi Alt Bölümü Türkiye
700 ## - KATMA GİRİŞ - KİŞİSEL İSİM
Kişisel Ad Bilgin, Nuri
942 ## - EKLENDİ GİRİŞ ELEMANLARI (KOHA)
Sınıflandırma Veya Raf Düzeni Kaynak Dewey Decimal Classification
Koha Öğesi Türü Books
999 ## - SİSTEM KONTROL NUMARALARI (KOHA)
Koha Biblionumber 7579
Koha Biblioitemnumber 7579
Holdings
Kalıcı Konum Mevcut Konum Edinme Tarihi Edinim Kaynak Toplam Check-Out'Lar Tam Çağrı Numarası Barkod Tarih Son Görülme İtibaren Geçerli Fiyatlar Koha Öğesi Türü Kopya Sayısı
CHP Kütüphanesi CHP Kütüphanesi 11/29/2016 Bağış   352.9561 Y36 1991 009756 11/29/2016 11/29/2016 Books  
CHP Kütüphanesi CHP Kütüphanesi 11/29/2016 Bağış   352.9561 Y36 1991 009759 11/29/2016 11/29/2016 Books k.2
CHP Kütüphanesi CHP Kütüphanesi 11/29/2016 Bağış   352.9561 Y36 1991 009760 11/29/2016 11/29/2016 Books k.3